[Event "Mittelrhein Verbandsliga Sued 1920"]
[Site "Mittelrhein"]
[Date "2020.01.19"]
[Round "5.5"]
[White "Schniggenberg, Gerd"]
[Black "Falkenberg, Hendrik"]
[Result "1-0"]
[WhiteElo "1899"]
[BlackElo "1863"]
[PlyCount "89"]
[EventDate "2019.09.29"]
[EventType "team-tourn"]
[EventRounds "9"]
[EventCountry "GER"]
[SourceTitle "EXT 2023"]
[Source "ChessBase"]
[SourceDate "2022.10.05"]
[SourceVersion "1"]
[SourceVersionDate "2022.10.05"]
[SourceQuality "1"]
[WhiteTeam "Godesberg III"]
[BlackTeam "Bonn Stadtverwaltung II"]
[WhiteTeamCountry "GER"]
[BlackTeamCountry "GER"]

1. e4 c5 2. c3 Nf6 3. e5 Nd5 4. d4 cxd4 5. Qxd4 e6 6. Bc4 Nc6 7. Qe4 Nb6 8. Bb3 d6 9. exd6 Qxd6 10. Nf3 Nd7 11. 0-0 Nc5 12. Qc2 Be7 13. Nbd2 b6 14. Ne4 Qc7 15. Nxc5 Bxc5 16. Qe4 Bb7 17. Bf4 Qe7 18. Qe2 0-0 19. Rad1 h6 20. Rfe1 Rad8 21. Bc2 Rfe8 22. Qe4 f5 23. Qe2 g5 24. Be5 g4 25. Nd4 Nxd4 26. Bxd4 Bxd4 27. Rxd4 Rxd4 28. cxd4 Qf6 29. Qb5 Rd8 30. Bb3 Kg7 31. Rxe6 Qxd4 32. Re7+ Kg6 33. Rxb7 Qe4 34. Rc7 Qb1+ 35. Qf1 Qxb2 36. Qc1 Qxc1+ 37. Rxc1 Rd6 38. Rd1 Rc6 39. Kf1 a6 40. Ke2 Kf6 41. Rd5 f4 42. f3 g3 43. hxg3 fxg3 44. Rh5 Ke7 45. Ke3 1-0

[Event "Mittelrhein Verbandsliga Sued 1920"]
[Site "Mittelrhein"]
[Date "2019.09.29"]
[Round "1.5"]
[White "Falkenberg, Hendrik"]
[Black "Schild, Willi"]
[Result "1/2-1/2"]
[WhiteElo "1856"]
[BlackElo "1897"]
[PlyCount "91"]
[EventDate "2019.09.29"]
[EventType "team-tourn"]
[EventRounds "9"]
[EventCountry "GER"]
[SourceTitle "EXT 2023"]
[Source "ChessBase"]
[SourceDate "2022.10.05"]
[SourceVersion "1"]
[SourceVersionDate "2022.10.05"]
[SourceQuality "1"]
[WhiteTeam "Bonn Stadtverwaltung II"]
[BlackTeam "Siebengebirge"]
[WhiteTeamCountry "GER"]
[BlackTeamCountry "GER"]

1. d4 Nf6 2. c4 e6 3. g3 Bb4+ 4. Bd2 Qe7 5. Bg2 Nc6 6. Nf3 Bxd2+ 7. Qxd2 Ne4 8. Qc2 Qb4+ 9. Nc3 Nxc3 10. Qxc3 Qxc3+ 11. bxc3 d6 12. Rb1 Na5 13. Nd2 Rb8 14. Rb4 c5 15. Ra4 b6 16. Nb3 Bd7 17. Ra3 Nxb3 18. axb3 a5 19. f4 Ke7 20. Kd2 Rhc8 21. Kd3 f6 22. e3 e5 23. Be4 f5 24. Bd5 e4+ 25. Kd2 Be6 26. h3 Bxd5 27. cxd5 cxd4 28. exd4 Rc7 29. c4 Rbc8 30. Kc3 g6 31. g4 Kf7 32. g5 h6 33. gxh6 Rh8 34. Ra2 Kf6 35. h4 Rxh6 36. b4 b5 37. c5 a4 38. Rg2 Rc8 39. Rh3 Rh5 40. Kb2 Rh6 41. c6 Rc7 42. Kc1 Kf7 43. Rg5 Kf6 44. Rg2 Rch7 45. Rc2 Rc7 46. Rg2 1/2-1/2